<?xml version="1.0" encoding="UTF-8"?>
<collection xmlns="http://www.loc.gov/MARC21/slim">
    <record>
        <controlfield tag="001">79841</controlfield>
        <controlfield tag="005">20200716101509.0</controlfield>
        <datafield tag="024" ind1="7" ind2=" ">
            <subfield code="2">doi</subfield>
            <subfield code="a">10.14507/epaa.27.2829</subfield>
        </datafield>
        <datafield tag="024" ind1="8" ind2=" ">
            <subfield code="2">sideral</subfield>
            <subfield code="a">112733</subfield>
        </datafield>
        <datafield tag="037" ind1=" " ind2=" ">
            <subfield code="a">ART-2019-112733</subfield>
        </datafield>
        <datafield tag="041" ind1=" " ind2=" ">
            <subfield code="a">spa</subfield>
        </datafield>
        <datafield tag="100" ind1=" " ind2=" ">
            <subfield code="0">(orcid)0000-0001-6356-1954</subfield>
            <subfield code="a">Pardo, Alfonso</subfield>
        </datafield>
        <datafield tag="245" ind1=" " ind2=" ">
            <subfield code="a">Fraude académico en la Universidad: análisis de un caso real, el conflicto y su resolución</subfield>
        </datafield>
        <datafield tag="260" ind1=" " ind2=" ">
            <subfield code="c">2019</subfield>
        </datafield>
        <datafield tag="506" ind1="0" ind2=" ">
            <subfield code="a">Access copy available to the general public</subfield>
            <subfield code="f">Unrestricted</subfield>
        </datafield>
        <datafield tag="520" ind1="3" ind2=" ">
            <subfield code="a">Este trabajo presenta un caso real de fraude académico planteado al tutor de un curso universitario y al director del Grado para su resolución. El conflicto surge cuando un grupo de alumnos accede al contenido de varios exámenes cuatrimestrales antes de su realización y obtiene de forma fraudulenta calificaciones más altas de lo habitual. Al poder verse afectadas sus calificaciones, el resto de compañeros sufre un perjuicio que no quieren permitir, pero no están dispuestos a delatar a los infractores. El caso planteaba varios problemas, además del propio fraude cometido: el deterioro de las relaciones del grupo clase, tanto entre el alumnado como con el profesorado, la inexistencia de pruebas objetivas del fraude que respaldasen la denuncia de los estudiantes, la amenaza de hacerlo público si no se daba una solución, con el consiguiente desprestigio para las entidades educativas implicadas, y que la aplicación del reglamento de régimen interno podía llegar a suponer a los culpables el abandono de los estudios de Grado. Se buscó y logró una solución consensuada entre todos los implicados, a través de la mediación, que reestableciera la buena convivencia en el aula y permitiera la continuación de infractores en los estudios, una vez reconocida la falta y aceptada la sanción impuesta.</subfield>
        </datafield>
        <datafield tag="540" ind1=" " ind2=" ">
            <subfield code="9">info:eu-repo/semantics/openAccess</subfield>
            <subfield code="a">by-nc-sa</subfield>
            <subfield code="u">http://creativecommons.org/licenses/by-nc-sa/3.0/es/</subfield>
        </datafield>
        <datafield tag="592" ind1=" " ind2=" ">
            <subfield code="a">0.663</subfield>
            <subfield code="b">2019</subfield>
        </datafield>
        <datafield tag="593" ind1=" " ind2=" ">
            <subfield code="a">Education</subfield>
            <subfield code="c">2019</subfield>
            <subfield code="d">Q2</subfield>
        </datafield>
        <datafield tag="655" ind1=" " ind2="4">
            <subfield code="a">info:eu-repo/semantics/article</subfield>
            <subfield code="v">info:eu-repo/semantics/publishedVersion</subfield>
        </datafield>
        <datafield tag="700" ind1=" " ind2=" ">
            <subfield code="0">(orcid)0000-0002-8914-4929</subfield>
            <subfield code="a">Rodríguez-Casals, Carlos</subfield>
            <subfield code="u">Universidad de Zaragoza</subfield>
        </datafield>
        <datafield tag="710" ind1="2" ind2=" ">
            <subfield code="1">2001</subfield>
            <subfield code="2">205</subfield>
            <subfield code="a">Universidad de Zaragoza</subfield>
            <subfield code="b">Dpto. Didáctica Cienc. Experi.</subfield>
            <subfield code="c">Área Didáctica Ciencias Exper.</subfield>
        </datafield>
        <datafield tag="773" ind1=" " ind2=" ">
            <subfield code="g">27, 40 (2019), [19 pp.]</subfield>
            <subfield code="p">Educ. policy anal. arch.</subfield>
            <subfield code="t">Education Policy Analysis Archives</subfield>
            <subfield code="x">1068-2341</subfield>
        </datafield>
        <datafield tag="856" ind1="4" ind2=" ">
            <subfield code="s">487559</subfield>
            <subfield code="u">http://zaguan.unizar.es/record/79841/files/texto_completo.pdf</subfield>
            <subfield code="y">Versión publicada</subfield>
        </datafield>
        <datafield tag="856" ind1="4" ind2=" ">
            <subfield code="s">83866</subfield>
            <subfield code="u">http://zaguan.unizar.es/record/79841/files/texto_completo.jpg?subformat=icon</subfield>
            <subfield code="x">icon</subfield>
            <subfield code="y">Versión publicada</subfield>
        </datafield>
        <datafield tag="909" ind1="C" ind2="O">
            <subfield code="o">oai:zaguan.unizar.es:79841</subfield>
            <subfield code="p">articulos</subfield>
            <subfield code="p">driver</subfield>
        </datafield>
        <datafield tag="951" ind1=" " ind2=" ">
            <subfield code="a">2020-07-16-09:17:20</subfield>
        </datafield>
        <datafield tag="980" ind1=" " ind2=" ">
            <subfield code="a">ARTICLE</subfield>
        </datafield>
    </record>

    
</collection>